000 01548nab a22002537a 4500
999 _c5592
_d5592
003 OSt
005 20251219173052.0
008 190429b xxu||||| |||| 00| 0 spa d
040 _cPJ
100 _96571
_aBonaven, Alejandra
245 1 3 _aEl avenimiento :
_bla injerencia de la víctima en el proceso penal /
_cAlejandra Bonaven.
260 _cCiudad Autónoma de Buenos Aires :
_aThomson Reuters La Ley,
_b2025.
300 _ap. 120-126
500 _aCita: AR/DOC/1350/2025.
505 _aSumario: I. Introducción.— II. Hechos y planteos de las cuestiones tratadas.— III. Breve explicación de la figura del avenimiento aplicable en el Cód. Proc. Penal de la Ciudad de Buenos Aires. Facultades del juez.— IV. Derecho de las víctimas en delitos que atentan contra su libertad sexual.— V. Conclusión.
505 _aFallo comentado: CPenal, Penal Juvenil, Contravencional y de Faltas, Ciudad Autónoma de Buenos Aires, sala II ~ 21/02/2025 ~ F. M., E. A. s/ 131 - Contactar menor de edad por intermedio de tecnologías para cometer delitos de integridad sexual s/ incidente de apelación.
505 _tSi te interesa el texto completo, solicitalo a koha@justierradelfuego.gov.ar
650 0 _9343
_aDERECHO PENAL
650 0 _94857
_aGROOMING
650 0 _94885
_aDERECHOS DE LA VÍCTIMA
650 0 _92730
_aRÉGIMEN PENAL DE LA MINORIDAD
773 0 _02658
_93164
_tRevista de derecho penal y criminología. Nº 6 - Julio 2025
_dCiudad Autónoma de Buenos Aires : Thomson Reuters La Ley, 2017-
_x00347914
942 _2udc
_cANA